Vanguardias y novelas en Vicente Huidobro
Αποθηκεύτηκε σε:
| Κύριος συγγραφέας: | |
|---|---|
| Μορφή: | Βιβλίο |
| Γλώσσα: | Ισπανικά |
| Έκδοση: |
Santiago
Cuarto Propio
2000
|
| Σειρά: | Serie Ensayo
|
| Θέματα: | |
| Ετικέτες: |
Προσθήκη ετικέτας
Δεν υπάρχουν, Καταχωρήστε ετικέτα πρώτοι!
|
MARC
| LEADER | 00000nam a2200000 a 4500 | ||
|---|---|---|---|
| 001 | UCO9827 | ||
| 003 | CL-VaPUC | ||
| 005 | 20230531074351.0 | ||
| 008 | 010309e20001100CL |||||||||||||||||spa|d | ||
| 999 | |c 293850 |d 293848 | ||
| 040 | |c Pontificia Universidad Católica de Valparaíso | ||
| 082 | 0 | 4 | |a Ch863.09 |b ROJ |2 21 |
| 100 | 0 | |a Rojas Piña, Benjamín |e author |9 454979 | |
| 245 | 1 | 0 | |a Vanguardias y novelas en Vicente Huidobro |
| 260 | |a Santiago |b Cuarto Propio |c 2000 | ||
| 300 | |a 350 p | ||
| 490 | 0 | |a Serie Ensayo | |
| 583 | |a last modification |c 20010309 00:00:00 |k Rodrigo Vera | ||
| 600 | 0 | |a García-Huidobro Fernández, Vicente, |d 1893-1948 |9 858153 | |
| 650 | 0 | |a Novela chilena |9 307631 | |
| 650 | 0 | |a Literatura chilena |9 308278 | |
| 650 | 0 | |a Crítica e interpretación |9 255042 | |
| 852 | |a BIBCUR | ||
| 942 | |c BK |2 ddc | ||
| 945 | |d 20010309 00:00:00 |a cmena | ||
| 952 | |0 0 |1 0 |4 0 |6 CH_863_090000000000000_ROJ_2000 |7 0 |8 A |9 345610 |a FDOPOS |b FDOPOS |d 2019-11-20 |i 3692639 |o Ch863.09 ROJ 2000 |p 3692639 |r 2025-01-22 |w 2019-11-20 |y BK |k MLH | ||